000 00589nam a2200205Ia 4500
005 20260429112045.0
008 260429s9999||||xx |||||||||||||| ||und||
020 _a9789369675067
041 _aEnglish
082 _a616.89
_bRAN
100 _aRani, Akanksha
245 0 _aPrinciples and practice of psychiatric rehabilitation /
_cAkanksha Rani
250 _a1st ed.
260 _aNew Delhi :
_bScientific Books International,
_c2026.
300 _a270 p.; hb
650 _a Clinical psychology
650 _a Mental health
650 _aPsychiatric rehabilitation
942 _cTB
999 _c52127
_d52127